Statistiques concernant Leaders européens par carte

Cliquez ici pour prendre le quiz!

Statistiques générales

  • Ce quiz a été pris 124 fois
  • Le résultat moyen est 16 sur 45

Réponses sur la Carte

Les réponses sont colorées sur une échelle allant du rouge au vert en fonction du pourcentage des utilisateurs qui les ont devinées à leur premier essai. Vous pouvez retrouver ces pourcentages ci-dessous.
 

Statistiques - réponses

Réponse% Correct
Emmanuel Macron
99%
Boris Johnson
93%
Vladimir Putin
89%
Angela Merkel
86%
Pape François
74%
Alexander Lukashenko
69%
Prince Albert II
69%
Pedro Sánchez
68%
Giuseppe Conte
65%
Viktor Orbán
57%
Volodymyr Zelensky
56%
Kyriakos Mitsotakis
53%
António Costa
50%
Sebastian Kurz
47%
Alexander De Croo
46%
Roi Carl XVI Gustaf
44%
Roi Harald V
43%
Katrín Jakobsdóttir
40%
Prince Hans-Adam II
36%
Mark Rutte
35%
Mateusz Morawiecki
35%
Mette Frederiksen
34%
Micheál Martin
29%
Enrico Carattoni
28%
Xavier Bettel
27%
Boyko Borisov
21%
Krišjānis Kariņš
20%
Jüri Ratas
19%
Simonetta Sommaruga
18%
Xavier Espot Zamora
18%
Andrej Babiš
17%
Sanna Marin
17%
Andrej Plenković
15%
Edi Rama
15%
Maia Sandu
15%
Ana Brnabić
14%
Avdullah Hoti
13%
Zdravko Krivokapić
12%
Zoran Zaev
11%
Gitanas Nausėda
10%
Klaus Iohannis
10%
Milorad Dodik
10%
Janez Janša
7%
Igor Matovič
6%
Robert Abela
4%

Distribution des résultats

Percentile par nombre de réponses

% des personnes avec chaque résultat

Votre développement - résultats

Vous n’avez pas pris ce quiz